00342nam a22001217a 450000500170000000800410001702000130005808200210007124500260009226000720011830000140019065000160020420240209041626.0240209b |||||||| |||| 00| 0 eng d a02567520 222a307.72bHUN. aHunger amidst plenty: aHong Kong :bAsian Regional Exchange for new alternatives /c1998. aiii, 115. a safe food.